00774nam a2200193Ia 4500003000900000008004100009020001800050040001600068080002200084111008300106245023400189260003700423300001000460650001400470650002400484650002100508700002400529700002700553IN-BaIIA211028s9999 xx 000 0 eng d a0-7923-6966-1 cIIA Library a523.4(082.2)bNEW aAlexander von Humboldt Colloquimn5thcBadhofgastein, Austriad2000 Mar. 19-25 0aNew developments in the dynamics of planetary systemsbproceedings of the 5th Alexander von Humboldt Colloquim on Celestial Mechanics held in Badhofgastein, Austria, March 19-25, 2000cedited by Rudolf Dvorak and Jacques Henrard aDordrechtbKluwer Academicc2001 a379p. aAstronomy aCelestial mechanics aPlanetary system aDvorak, Rudolf, ed. aHenrard, Jacques., ed.